Ruined By A Letter: TV Shows Quiz Stats

 Plays Quiz Updated Dec 6, 2017

Support Sporcle.
Go Orange.
Score 0/25 Timer 04:00
4 Plays Today
% Correct
S
97.1%
B
97%
G
97%
T
96.9%
E
96.8%
J
96.7%
M
96.4%
P
96.4%
Z
96.3%
D
96.2%
X
96.2%
A
96%
H
96%
% Correct
Y
95.9%
V
95.9%
R
95.8%
C
95.3%
L
95%
I
94.6%
W
93.5%
K
92.2%
O
90.9%
F
90.7%
N
88.5%
U
87.2%

From the Vault

Mediterranean Countries Minefield

by mvheald

We're not sure where any of these countries are, but they look amazing!
Remove Ads.
Support Sporcle.
Get the best of Sporcle when you Go Orange. This ad-free experience offers more features, more stats, and more fun while also helping to support Sporcle. Thank you for becoming a member.

Show Comments

Extras

Top Quizzes Today


Score Distribution

Your Account Isn't Verified!

In order to create a playlist on Sporcle, you need to verify the email address you used during registration. Go to your Sporcle Settings to finish the process.

Report this User

Report this user for behavior that violates our Community Guidelines.

Details: